TNA Wrestling PPV Main Events - 2012 - Statistics

General Stats
  • This quiz has been taken 41 times
  • The average score is 6 of 7
Answer Stats
PPV Answer % Correct
Genesis, Against All Odds, No Surrender, Bound for Glory, Turning Point, Final Resolution Jeff Hardy
97%
Victory Road, Slammiversary Sting
97%
Genesis, Against All Odds, Victory Road, Lockdown, Sacrifice, Slammiversary, Destination X, Hardcore Justice, Final Resolution Bobby Roode
94%
Against All Odds, Lockdown James Storm
88%
Against All Odds, No Surrender Bully Ray
82%
Destination X, Hardcore Justice, Bound for Glory, Turning Point Austin Aries
79%
Sacrifice Rob Van Dam
76%
No matching quizzes found
Score Distribution
Percent of People with Each Score
Percentile by Number Answered
Your Score History
You have not taken this quiz